[Event "Tourn. n10020"]
[Site "www.echecsemail.com"]
[Date "2019.02.01"]
[Round "1"]
[White "Numanoid"]
[Black "Dougbeer"]
[WhiteElo "2650"]
[BlackElo "2480"]
[Result "1-0"]
[Round "1"]
1.e4 e6
2.d4 d5
3.e5 c5
4.c3 Nb8c6
5.Ng1f3 Ng8h6
6.Bf1d3 cxd4
7.Bc1xh6 gxh6
8.cxd4 Qd8b6
9.Qd1d2 Bc8d7
10.Bd3e2 Nc6xd4
11.Nf3xd4 Bf8c5
12.Nd4c2 Bc5xf2
13.Kd1 Rh8g8
14.g3 Rg8g5
15.Rh1f1 Rg5xe5
16.a4 Ra8c8
17.Be2b5 Bd7xb5
18.axb5 Bf2e3
19.Qd2d3 f5
20.Ra1a4 Be3g5
21.Nb1c3 Re5e4
22.Nc3xe4 dxe4
23.Qd3b3 Rc8d8
24.Ke1 Rd8d3
25.Qb3c4 Rd3d5
26.Rf1f2 Bg5d2
27.Kf1 Rd5c5
28.Qc4d4 Rc5xc2
29.Qd4h8 Kf7
30.Ra4d4 Qb6xb5
31.Kg2 Qb5c6
32.Qh8xh7 Kf6
33.Kh3 Bd2e3
34.Qh7h8 Kg6
35.Rd4d8 { resign }
1-0

[Event "Tourn. n10057"]
[Site "www.echecsemail.com"]
[Date "2019.02.01"]
[Round "1"]
[White "Amaya"]
[Black "Malbertan"]
[WhiteElo "2040"]
[BlackElo "1960"]
[Result "1-0"]
[Round "1"]
1.d4 Ng8f6
2.e3 e6
3.Bf1d3 c5
4.c3 Nb8c6
5.Nb1d2 d5
6.f4 Bf8d6
7.Ng1f3 O-O
8.O-O Nf6g4
9.Qd1e2 c4
10.Bd3c2 b5
11.Nf3e5 Bd6xe5
12.fxe5 Qd8h4
13.Nd2f3 Qh4h5
14.e4 Ng4xh2
15.Rf1f2 Nh2xf3
16.Rf2xf3 Nc6e7
17.Qe2f2 Bc8b7
18.exd5 Bb7xd5
19.Rf3h3 { resign }
1-0

[Event "Tourn. n9961"]
[Site "www.echecsemail.com"]
[Date "2019.02.01"]
[Round "1"]
[White "Tartan"]
[Black "Foxy100"]
[WhiteElo "2570"]
[BlackElo "2330"]
[Result "1/2-1/2"]
[Round "1"]
1.e4 e5
2.Ng1f3 Nb8c6
3.Bf1b5 a6
4.Bb5a4 Ng8f6
5.O-O Bf8e7
6.Rf1e1 b5
7.Ba4b3 O-O
8.c3 d6
9.h3 Nc6a5
10.Bb3c2 c5
11.d4 Qd8c7
12.Nb1d2 cxd4
13.cxd4 Na5c6
14.d5 Nc6b4
15.Bc2b1 a5
16.a3 Nb4a6
17.Nd2f1 Bc8d7
18.Nf1g3 Na6c5
19.Bc1d2 Rf8d8
20.Bb1c2 Qc7b7
21.b4 axb4
22.axb4 Nc5a4
23.Qd1b1 Na4b6
24.Qb1b3 Nb6c4
25.Bd2c3 Ra8xa1
26.Re1xa1 Rd8c8
27.Bc2d3 Be7d8
28.Qb3a2 g6
29.Qa2b1 Kg7
30.Qb1c2 Qb7b8
31.Qc2b1 Bd8b6
32.Qb1a2 Rc8c7
33.Bc3e1 Rc7a7
34.Qa2b1 Ra7xa1
35.Qb1xa1 Qb8c8
36.Be1c3 Kf8
37.Qa1c1 Qc8a8
38.Qc1c2 Qa8a6
39.Qc2b3 h6
40.Qb3c2 Qa6a3
41.Bd3e2 Qa3a7
42.Bc3e1 Qa7c7
43.Be2d3 Qc7c8
44.Nf3d2 Nc4a3
45.Qc2b2 Qc8a8
46.Qb2c1 Kg7
47.Nd2b3 Na3c4
48.Nb3a5 Qa8c8
49.Na5xc4 bxc4
50.Qc1xc4 Bd7xh3
51.Qc4c6 Qc8xc6
52.dxc6 Bh3e6
53.b5 Kf8
54.Ng3f1 d5
55.exd5 Nf6xd5
56.Bd3c4 Ke7
57.Be1d2 h5
58.Bc4xd5 Be6xd5
59.Bd2e3 Bb6d4
60.f4 Kd6
61.fxe5 Bd4xe5
62.Nf1d2 f6
63.Kf2 Kc7
64.Be3c5 Be5c3
65.Nd2f3 Bd5c4
{ draw }
1/2-1/2

[Event "Tourn. n10040"]
[Site "www.echecsemail.com"]
[Date "2019.02.02"]
[Round "1"]
[White "Picifarkinca"]
[Black "Libiesse"]
[WhiteElo "1860"]
[BlackElo "1880"]
[Result "1-0"]
[Round "1"]
1.e4 c5
2.Nb1c3 e6
3.Ng1f3 a6
4.d4 cxd4
5.Nf3xd4 Nb8c6
6.Bf1e2 Qd8c7
7.Bc1e3 b5
8.Nd4xc6 Qc7xc6
9.Be2f3 Bc8b7
10.O-O e5
11.Nc3d5 Bf8e7
12.Qd1d3 Ra8c8
13.c3 Qc6c4
14.Rf1d1 Ng8f6
15.Nd5xf6 gxf6
16.Qd3xd7 { resign }
1-0

[Event "Tourn. n10033"]
[Site "www.echecsemail.com"]
[Date "2019.02.02"]
[Round "1"]
[White "Numanoid"]
[Black "Virgil08bv"]
[WhiteElo "2740"]
[BlackElo "2580"]
[Result "1/2-1/2"]
[Round "1"]
1.e4 d6
2.d4 Ng8f6
3.Nb1c3 g6
4.f4 Bf8g7
5.Ng1f3 O-O
6.e5 Nf6d7
7.h4 c5
8.h5 cxd4
9.hxg6 dxc3
10.gxf7 Rf8xf7
11.Bf1c4 e6
12.Nf3g5 Nd7xe5
13.Qd1h5 h6
14.fxe5 hxg5
15.Qh5h7 Kf8
16.Qh7h8 Bg7xh8
17.Rh1xh8 Kg7
18.Rh8xd8 Nb8c6
19.Rd8xd6 Nc6xe5
20.Bc4e2 Rf7c7
21.b3 Ne5f7
22.Rd6d3 e5
23.g4 Bc8e6
24.Bc1e3 Ra8h8
25.O-O-O b6
26.Be3g1 Rh8h4
27.Rd3g3 Rh4h6
28.Rg3d3 { draw }
1/2-1/2

[Event "Tourn. n9988"]
[Site "www.echecsemail.com"]
[Date "2019.02.02"]
[Round "1"]
[White "Estonia"]
[Black "Andychesston"]
[WhiteElo "1960"]
[BlackElo "2060"]
[Result "1/2-1/2"]
[Round "1"]
1.c4 e5
2.Nb1c3 Ng8f6
3.Ng1f3 e4
4.Nf3g5 Bf8e7
5.Ng5xe4 Nb8c6
6.g3 d6
7.Bf1g2 O-O
8.d4 Bc8f5
9.O-O Kh8
10.d5 Nc6e5
11.Qd1b3 b6
12.Bc1f4 Ne5g6
13.Ra1c1 Ng6xf4
14.gxf4 Nf6h5
15.e3 Be7h4
16.Ne4g3 g6
17.e4 Bf5g4
18.Nc3e2 Nh5f6
19.f3 Bg4d7
20.Qb3c3 Kg8
21.e5 dxe5
22.fxe5 Nf6e8
23.f4 Ne8g7
24.Ne2d4 Qd8e7
25.Ng3e4 f5
26.exf6 Bh4xf6
27.Ne4xf6 Rf8xf6
28.Rc1e1 Qe7d6
29.Nd4e6 Kf7
30.Ne6xg7 Kxg7
31.b4 Ra8f8
32.c5 bxc5
33.bxc5 Qd6a6
34.Re1e7 Rf8f7
35.Re7xf7 Kxf7
36.c6 Bd7g4
37.h3 Bg4e2
38.Rf1a1 Qa6b6
39.Kh2 Qb6f2
40.Qc3g3 Qf2xf4
41.Qg3xf4 Rf6xf4
42.a4 Rf4d4
43.Ra1a2 Be2c4
44.Ra2f2 Kg7
45.a5 Bc4xd5
46.Bg2xd5 Rd4xd5
47.Rf2e2 Kf6
48.Re2e8 Rd5d6
49.Re8a8 Rd6xc6
50.Ra8xa7 h5
51.Ra7a8 Kg5
52.a6 h4
53.a7 Rc6c2
54.Kh1 Rc2a2
55.Kg1 c5
56.Ra8c8 Ra2xa7
57.Rc8xc5 Kf4
58.Rc5c4 Kg5
59.Kf2 Ra7a3
60.Kg2 Ra3g3
61.Kh2 Kh5
62.Rc4c8 g5
63.Rc8g8 Rg3a3
64.Rg8h8 Kg6
65.Rh8f8 Ra3a2
66.Kg1 Ra2a7
67.Kg2 Ra7f7
68.Rf8g8 Kf5
69.Kf3 Rf7f6
70.Kg2 Kf4
71.Rg8g7 Rf6f5
72.Rg7a7 Rf5e5
73.Ra7f7 Ke3
74.Rf7f3 Kd2
75.Rf3f8 Re5e3
76.Rf8f3 Re3e2
77.Kg1 Re2e4
78.Rf3f5 g4
79.hxg4 Re4xg4
80.Kh2 Ke3
81.Kh3 Rg4g1
82.Kxh4 Rg1h1
83.Kg3 Rh1g1
84.Kh2 Rg1g8
85.Rf5f7 Rg8g6
86.Kh3 Rg6h6
87.Kg4 Rh6g6
88.Kf5 Rg6a6
89.Rf7b7 Ra6a5
90.Ke6 Kd4
91.Kd6 Ra5a6
92.Kc7 Kc5
93.Rb7b8 Ra6h6
94.Rb8d8 Rh6h7
{ draw }
1/2-1/2

[Event "Tourn. n10038"]
[Site "www.echecsemail.com"]
[Date "2019.02.02"]
[Round "1"]
[White "Apdash"]
[Black "Fantomas"]
[WhiteElo "2230"]
[BlackElo "2230"]
[Result "1/2-1/2"]
[Round "1"]
1.d4 d5
2.Ng1f3 Ng8f6
3.c4 e6
4.Nb1c3 Bf8e7
5.e3 O-O
6.cxd5 exd5
7.Qd1b3 c6
8.Bf1e2 Qd8c7
9.Bc1d2 h6
10.O-O Bc8f5
11.Ra1c1 Qc7d6
12.Nf3e5 b6
13.Be2d3 Bf5xd3
14.Ne5xd3 Nb8d7
15.f3 c5
16.dxc5 bxc5
17.Nd3f4 Rf8b8
18.Qb3c2 Rb8c8
19.Rc1d1 Nd7b6
20.Nc3b5 Qd6c6
21.Nb5a3 a5
22.Rf1e1 Be7d6
23.Bd2c3 Bd6xf4
24.exf4 d4
25.Bc3d2 Qc6d7
26.Re1e5 Qd7d6
27.Na3b5 d3
28.Qc2c1 Qd6c6
29.Nb5c3 Nb6c4
30.Re5e1 Nc4xd2
31.Qc1xd2 c4
32.Nc3e4 a4
33.a3 Qc6b6
34.Kh1 Nf6d5
35.Ne4c3 Nd5xc3
{ draw }
1/2-1/2

[Event "Tourn. n10048"]
[Site "www.echecsemail.com"]
[Date "2019.02.02"]
[Round "1"]
[White "Ff333"]
[Black "Fegatux"]
[WhiteElo "2020"]
[BlackElo "2170"]
[Result "1-0"]
[Round "1"]
1.e4 d6
2.d4 Ng8f6
3.Bf1d3 Bc8g4
4.Ng1f3 c6
5.h3 Bg4xf3
6.Qd1xf3 e5
7.c3 Nb8d7
8.Bc1g5 h6
9.Bg5h4 Qd8b6
10.b3 Bf8e7
11.Nb1d2 O-O
12.Nd2c4 Qb6c7
13.g4 exd4
14.cxd4 Qc7a5
15.Nc4xa5 Ra8b8
16.g5 Nf6h7
17.gxh6 Be7xh4
18.hxg7 Rf8e8
19.Qf3g4 Bh4f6
20.Qg4xd7 Bf6xd4
21.Ra1c1 Nh7f6
22.Qd7xd6 Bd4e5
23.Qd6b4 Rb8d8
24.Rc1d1 Nf6d5
25.Qb4xb7 Nd5f4
26.Bd3c4 Be5c3
27.Rd1d2 Bc3xd2
28.Kf1 Nf4e6
29.Na5xc6 Rd8a8
30.Nc6e5 Ne6d8
31.Bc4xf7 { resign }
1-0

[Event "Tourn. n9929"]
[Site "www.echecsemail.com"]
[Date "2019.02.02"]
[Round "1"]
[White "Sociopath"]
[Black "Pdebonis"]
[WhiteElo "2680"]
[BlackElo "2700"]
[Result "1-0"]
[Round "1"]
1.e4 c5
2.Ng1f3 d6
3.d4 cxd4
4.Nf3xd4 Ng8f6
5.Nb1c3 g6
6.Bc1e3 Bf8g7
7.f3 O-O
8.Qd1d2 Nb8c6
9.g4 Bc8e6
10.O-O-O Nc6xd4
11.Be3xd4 Qd8a5
12.a3 Ra8b8
13.Kb1 Rf8c8
14.h4 b5
15.Nc3d5 Qa5xd2
16.Rd1xd2 Be6xd5
17.exd5 Rc8c7
18.h5 Nf6d7
19.g5 b4
20.hxg6 hxg6
21.a4 a5
22.Bf1b5 Nd7b6
23.Ka2 Nb6c4
24.Rd2d1 Nc4b6
25.Bb5c6 e5
26.Bd4g1 Nb6c8
27.Kb3 Nc8e7
28.Bc6b5 Ne7f5
29.Bg1f2 Bg7f8
30.Rh1h2 Bf8g7
31.Rd1e1 Nf5e7
32.Bf2g1 Bg7f8
33.Re1d1 Ne7f5
34.Bg1f2 Bf8g7
35.Rh2h1 Bg7f8
36.Rd1e1 Bf8e7
37.Re1g1 Be7f8
38.Rg1g4 Kg7
39.Bb5d3 Kg8
40.Rg4e4 Bf8g7
41.Bd3b5 Bg7f8
42.Rh1d1 Bf8g7
43.Rd1g1 Bg7f8
44.Re4c4 Rc7xc4
45.Kxc4 Bf8e7
46.Bb5c6 Be7d8
47.Bf2a7 Rb8c8
48.Kb5 Kg7
49.Rg1g2 Kf8
50.Ka6 Nf5e7
51.Bc6b7 Rc8c4
52.b3 Rc4c3
53.Rg2h2 Bd8c7
54.Ba7b6 Bc7xb6
55.Kxb6 Rc3c5
56.Rh2h8 Kg7
57.Rh8a8 Rc5xc2
58.Ra8xa5 f5
59.gxf6 Kxf6
60.Ra5b5 { resign }
1-0

[Event "Match"]
[Site "www.echecsemail.com"]
[Date "2019.02.02"]
[Round "1"]
[White "Apdash"]
[Black "Chapi"]
[WhiteElo "2230"]
[BlackElo "2050"]
[Result "0-1"]
[Round "1"]
1.e4 c5
2.Ng1f3 Nb8c6
3.Bf1b5 d6
4.O-O Bc8g4
5.Nb1c3 g6
6.h3 Bg4d7
7.d4 Bf8g7
8.dxc5 dxc5
9.Nc3d5 Ng8f6
10.Rf1e1 O-O
11.Bc1g5 e6
12.Nd5xf6 Bg7xf6
13.Bg5h6 Bf6g7
14.Qd1c1 a6
15.Bb5d3 Qd8f6
16.e5 Qf6d8
17.Bh6g5 Qd8c7
18.Qc1f4 Nc6b4
19.Bg5h6 Nb4xd3
20.cxd3 Bd7c6
21.Bh6xg7 Kxg7
22.Qf4f6 Kg8
23.Qf6h4 Bc6xf3
24.gxf3 Ra8d8
25.Qh4e4 Rd8d4
26.Qe4e3 Rf8d8
27.Ra1c1 Rd8d5
28.Rc1c3 Qc7a5
29.Rc3a3 Rd4a4
30.Ra3xa4 Qa5xa4
31.a3 Qa4b5
32.Re1c1 Rd5xd3
33.Qe3xc5 Qb5xc5
34.Rc1xc5 Rd3b3
35.Rc5c2 Rb3xf3
36.Kg2 Rf3b3
37.f4 Kg7
38.Rc2f2 b5
39.h4 Kh6
40.Rf2c2 Kh5
41.Rc2c7 Rb3xb2
42.Kg3 Rb2b3
43.Kg2 Rb3xa3
44.Rc7xf7 Kxh4
45.Rf7xh7 Kg4
46.Rh7e7 Kxf4
47.Re7xe6 g5
48.Re6e8 Ra3e3
49.e6 Kf5
50.e7 Kf6
51.Re8a8 Kxe7
52.Ra8xa6 Re3e6
53.Ra6a5 Re6b6
54.Kf3 Kf6
55.Kg4 b4
56.Ra5f5 Ke7
57.Kxg5 b3
58.Rf5f1 Rb6b4
59.Kf5 Kd6
60.Rf1c1 Kd5
61.Rc1b1 Kc4
62.Ke4 Kc3
63.Ke3 b2
64.Ke2 Kc2
65.Rb1h1 Rb4a4
{ resign }
0-1

[Event "Match"]
[Site "www.echecsemail.com"]
[Date "2019.02.02"]
[Round "1"]
[White "Tbsundar"]
[Black "Chapi"]
[WhiteElo "2060"]
[BlackElo "2080"]
[Result "1-0"]
[Round "1"]
1.d4 d5
2.c4 c6
3.e3 Bc8f5
4.Nb1d2 Nb8d7
5.Ng1f3 Ng8f6
6.cxd5 cxd5
7.Bf1b5 e6
8.Nf3e5 Bf8d6
9.f4 O-O
10.O-O a6
11.Bb5e2 Ra8c8
12.Nd2f3 Nf6e4
13.Bc1d2 Ne4xd2
14.Qd1xd2 Rc8c2
15.Qd2d1 Nd7xe5
16.fxe5 Bd6e7
17.Be2d3 Bf5xd3
18.Qd1xd3 Rc2xb2
19.Rf1c1 Qd8d7
20.Qd3c3 Rb2b6
21.Qc3c7 Qd7xc7
22.Rc1xc7 Be7a3
23.Nf3d2 Rb6b2
24.Nd2b3 b6
25.Rc7c6 Rf8b8
26.h3 Rb2e2
27.Nb3c1 Re2xe3
28.Kf2 Re3e4
29.Nc1e2 a5
30.Ra1b1 Ba3b4
31.a3 Bb4xa3
32.Rb1xb6 Rb8xb6
33.Rc6xb6 h6
34.Rb6b5 Ba3b4
35.Kf3 g5
36.Rb5b8 Kg7
37.g4 Bb4d2
38.Ne2g3 Re4xd4
39.Ng3h5 Kh7
40.Nh5f6 Kg7
41.Rb8g8 
1-0

[Event "Tourn. n10025"]
[Site "www.echecsemail.com"]
[Date "2019.02.03"]
[Round "1"]
[White "Alcon"]
[Black "Cal"]
[WhiteElo "1850"]
[BlackElo "1830"]
[Result "1-0"]
[Round "1"]
1.d4 d5
2.Ng1f3 h6
3.c4 Ng8f6
4.Nb1c3 dxc4
5.e4 Bc8g4
6.Bf1xc4 e6
7.Bc1e3 Bf8b4
8.Qd1d3 c6
9.Nf3d2 O-O
10.f3 Bg4h5
11.O-O-O b5
12.Bc4b3 a5
13.g4 Bh5g6
14.h4 Rf8e8
15.h5 Bg6h7
16.g5 Nf6d7
17.gxh6 Nd7f6
18.hxg7 Kxg7
19.Rd1g1 Kf8
20.Be3h6 Ke7
21.Bh6g7 Bb4xc3
22.Qd3xc3 Nf6g8
23.h6 Nb8a6
24.Bb3c2 Qd8d7
25.e5 Kd8
26.Bc2xh7 Ng8e7
27.Nd2e4 Ne7d5
28.Bg7f6 Kc7
29.Qc3d2 Ra8c8
30.Kb1 Kb6
31.Ne4d6 c5
32.Nd6xc8 Qd7xc8
33.dxc5 Na6xc5
34.Qd2d4 Nd5b4
35.Rg1c1 Nb4a6
36.Bh7e4 Qc8c7
37.h7 Na6b8
38.h8Q Re8xh8
39.Rh1xh8 Nb8a6
40.Bf6d8 Qc7xd8
41.Rh8xd8 a4
42.Qd4d6 Ka5
43.Rc1xc5 Na6xc5
44.Qd6xc5 { resign }
1-0

[Event "Tourn. n10051"]
[Site "www.echecsemail.com"]
[Date "2019.02.03"]
[Round "1"]
[White "Szustan"]
[Black "Jazzy"]
[WhiteElo "2530"]
[BlackElo "2210"]
[Result "1-0"]
[Round "1"]
1.e4 d5
2.e5 Bc8f5
3.Ng1f3 h6
4.d4 e6
5.c3 Ng8e7
6.Bf1e2 Nb8d7
7.O-O Bf5xb1
8.Ra1xb1 Ne7g6
9.Be2d3 Qd8e7
10.g3 Qe7d8
11.Bd3xg6 fxg6
12.Nf3h4 Bf8e7
13.Nh4xg6 Rh8g8
14.Qd1g4 Nd7f8
15.Ng6xf8 Kxf8
16.f4 c5
17.f5 { resign }
1-0

[Event "Match"]
[Site "www.echecsemail.com"]
[Date "2019.02.03"]
[Round "1"]
[White "Tbsundar"]
[Black "Joseph1983"]
[WhiteElo "2110"]
[BlackElo "2180"]
[Result "0-1"]
[Round "1"]
1.d4 d5
2.c4 e6
3.e3 c5
4.Ng1f3 Ng8f6
5.Nb1d2 Nb8c6
6.cxd5 exd5
7.Bf1b5 Bc8d7
8.O-O Bf8d6
9.dxc5 Bd6xc5
10.Qd1c2 Bc5d6
11.b3 Ra8c8
12.Qc2b1 O-O
13.Bc1b2 Qd8e7
14.a3 a6
15.Bb5d3 Nc6e5
16.Bd3e2 g6
17.Ra1a2 Bd7f5
18.Qb1a1 Rc8c2
19.Nf3xe5 Rc2xd2
20.Ne5xg6 fxg6
21.Bb2xf6 Rd2xa2
22.Bf6xe7 Ra2xa1
23.Be7xf8 Ra1xf1
24.Kxf1 Kxf8
25.h3 Bd6xa3
26.g4 Bf5c2
{ resign }
0-1

[Event "Match"]
[Site "www.echecsemail.com"]
[Date "2019.02.03"]
[Round "1"]
[White "Ericleo1980"]
[Black "Calponas"]
[WhiteElo "1920"]
[BlackElo "2030"]
[Result "0-1"]
[Round "1"]
1.e4 c5
2.Ng1f3 Nb8c6
3.d4 cxd4
4.Nf3xd4 Ng8f6
5.Nb1c3 e5
6.Nd4b5 d6
7.Bc1g5 Bf8e7
8.Bg5xf6 gxf6
9.Nc3d5 O-O
10.Nd5xe7 Qd8xe7
11.Qd1xd6 Rf8d8
12.Qd6xe7 Nc6xe7
13.Ra1d1 Rd8xd1
14.Kxd1 Bc8d7
 { time }
0-1

[Event "Match"]
[Site "www.echecsemail.com"]
[Date "2019.02.03"]
[Round "1"]
[White "Urbe69"]
[Black "Jesmantiz"]
[WhiteElo "2370"]
[BlackElo "2080"]
[Result "1-0"]
[Round "1"]
1.d4 f5
2.Nb1c3 d6
3.e4 fxe4
4.Nc3xe4 g6
5.Bf1d3 Bf8g7
6.Ng1f3 Nb8c6
7.O-O Bc8g4
8.c3 Ng8f6
9.h3 Bg4d7
10.Ne4xf6 exf6
11.Rf1e1 Nc6e7
12.Qd1b3 Ra8b8
{ time. }
1-0

[Event "Tourn. n10048"]
[Site "www.echecsemail.com"]
[Date "2019.02.03"]
[Round "1"]
[White "Francesco"]
[Black "Fegatux"]
[WhiteElo "2050"]
[BlackElo "2170"]
[Result "0-1"]
[Round "1"]
1.e4 c5
2.c3 Nb8c6
3.d4 cxd4
4.cxd4 d5
5.e5 Bc8f5
6.Ng1f3 e6
7.Bf1d3 Bf5xd3
8.Qd1xd3 h6
9.O-O Ng8e7
10.Nb1c3 Ne7f5
11.a3 Bf8e7
12.Bc1d2 O-O
13.Ra1c1 Qd8d7
14.Rc1c2 a6
15.Rf1c1 Rf8c8
16.Nc3e2 b5
17.b4 Nc6a7
18.h3 Be7f8
19.Ne2f4 Rc8c4
20.g4 Nf5e7
21.Nf4h5 Qd7c7
22.Rc2xc4 bxc4
23.Qd3c2 Ne7g6
24.Kh1 a5
25.h4 axb4
26.axb4 Na7b5
27.Bd2xh6 gxh6
28.Nh5f6 Kg7
29.h5 Nb5xd4
30.Nf3xd4 Qc7xe5
31.hxg6 Qe5xf6
32.gxf7 Qf6h4
33.Kg1 Qh4xg4
34.Kf1 Qg4xd4
35.Rc1d1 Ra8a1
36.Rd1xa1 Qd4xa1
37.Kg2 Kxf7
38.Qc2h7 Qa1g7
39.Qh7xg7 Kxg7
40.b5 Kf6
41.b6 c3
42.b7 Bf8d6
{ resign }
0-1

[Event "Tourn. n10034"]
[Site "www.echecsemail.com"]
[Date "2019.02.03"]
[Round "1"]
[White "Bojan"]
[Black "Orhany24"]
[WhiteElo "2030"]
[BlackElo "2040"]
[Result "0-1"]
[Round "1"]
1.e4 e5
2.Ng1f3 Nb8c6
3.Bf1b5 a6
4.Bb5xc6 dxc6
5.c3 Bf8d6
6.d3 c5
7.h3 f5
8.Bc1g5 Ng8f6
9.Nb1d2 O-O
10.Qd1e2 f4
11.Nd2c4 Bc8e6
12.Nc4a5 b6
13.Na5c4 h6
14.Nc4xd6 cxd6
15.Bg5h4 g5
16.Nf3xg5 hxg5
17.Bh4xg5 Qd8d7
18.c4 Qd7g7
19.h4 Be6g4
20.f3 Bg4h5
21.Rh1g1 Nf6h7
22.g4 fxg3
23.Rg1xg3 Kh8
24.O-O-O Qg7f7
25.Rd1g1 Rf8g8
26.Qe2e3 Ra8f8
27.Rg1f1 Rg8g6
28.f4 exf4
29.Bg5xf4 Rg6f6
30.Qe3g1 Rf6xf4
31.Rf1e1 Rf4f1
{ resign }
0-1

[Event "Tourn. n10018"]
[Site "www.echecsemail.com"]
[Date "2019.02.03"]
[Round "1"]
[White "Cal"]
[Black "Iko"]
[WhiteElo "1820"]
[BlackElo "1740"]
[Result "1-0"]
[Round "1"]
1.c4 e5
2.e4 Ng8f6
3.d3 Bf8c5
4.h3 b6
5.Bc1g5 Bc5e7
6.Nb1c3 h6
7.Bg5h4 Nf6xe4
8.dxe4 Be7xh4
9.Ng1f3 c6
10.Nf3xh4 Qd8xh4
11.Qd1f3 g6
12.g3 Qh4e7
13.Bf1e2 Qe7b4
14.Ra1b1 O-O
15.O-O Qb4a5
16.a4 Rf8e8
17.b4 Qa5a6
18.c5 b5
19.a5 Kg7
20.Rb1d1 d5
21.exd5 cxd5
22.Rd1xd5 Re8e6
23.Rd5d8 Nb8c6
24.Be2xb5 Qa6b7
25.Rf1d1 Nc6xd8
26.c6 Qb7c7
27.Nc3d5 Qc7d6
28.c7 Nd8b7
29.Qf3b3 Re6e8
30.Nd5e3 Qd6xc7
31.Bb5xe8 Bc8xh3
32.Ne3d5 Qc7d8
33.Be8c6 Ra8b8
34.Qb3c3 Nb7d6
35.Qc3xe5 Qd8f6
36.Qe5xf6 Kh7
37.Qf6xd6 Rb8c8
38.Nd5f6 Kg7
39.Nf6e8 Rc8xe8
40.Bc6xe8 g5
41.Qd6e5 f6
42.Qe5e7 Kg8
43.Be8g6 Kh8
44.Qe7h7 
1-0

[Event "Tourn. n10035"]
[Site "www.echecsemail.com"]
[Date "2019.02.03"]
[Round "1"]
[White "Picifarkinca"]
[Black "Cal"]
[WhiteElo "1830"]
[BlackElo "1830"]
[Result "1-0"]
[Round "1"]
1.e4 e5
2.f4 exf4
3.Ng1f3 d6
4.d4 Bc8g4
5.Bc1xf4 h6
6.Bf1c4 Ng8f6
7.Nb1c3 c6
8.O-O Bf8e7
9.Kh1 a6
10.e5 dxe5
11.Bc4xf7 Kxf7
12.Nf3xe5 Ke8
13.Ne5xg4 Nb8d7
14.Ng4e5 Nd7b6
15.Ne5g6 Nb6d7
16.Ng6xh8 Nd7f8
17.Bf4e5 Qd8d7
18.Be5xf6 Be7xf6
19.Qd1h5 g6
20.Nh8xg6 Bf6g7
21.Ng6xf8 { resign }
1-0

[Event "Match"]
[Site "www.echecsemail.com"]
[Date "2019.02.04"]
[Round "1"]
[White "Ericleo1980"]
[Black "Liencam2"]
[WhiteElo "1920"]
[BlackElo "2320"]
[Result "0-1"]
[Round "1"]
1.e4 c5
2.Ng1f3 e6
3.d4 cxd4
4.Nf3xd4 a6
5.Nb1c3 b5
6.g3 Bc8b7
7.Bf1g2 Ng8f6
8.Qd1d3 d6
9.a3 Nb8d7
10.f4 Nd7c5
11.Qd3e2 Qd8b6
12.Bc1e3 Qb6c7
13.Be3d2 Bf8e7
14.O-O O-O
 { time }
0-1

[Event "Tourn. n9977"]
[Site "www.echecsemail.com"]
[Date "2019.02.04"]
[Round "1"]
[White "Luban"]
[Black "Odin"]
[WhiteElo "2050"]
[BlackElo "1970"]
[Result "1-0"]
[Round "1"]
1.d4 d5
2.Ng1f3 Nb8c6
3.e3 g6
4.h3 Bf8g7
5.c4 e6
6.a3 Ng8e7
7.Nb1c3 O-O
8.Bf1d3 dxc4
9.Bd3xc4 Nc6a5
10.Bc4a2 b6
11.b4 Na5b7
12.Bc1b2 Nb7d6
13.O-O Bc8b7
14.Rf1e1 Nd6e4
15.Nc3xe4 Bb7xe4
16.Nf3g5 Be4b7
17.f3 Ne7f5
18.Ng5e4 h6
19.Ra1b1 Qd8h4
20.Qd1c2 Nf5d6
21.Ne4xd6 cxd6
22.Qc2f2 Qh4g5
23.e4 Ra8c8
24.f4 Qg5e7
25.d5 Bg7xb2
26.Rb1xb2 Qe7f6
27.dxe6 fxe6
28.f5 d5
29.exd5 Bb7xd5
30.Ba2xd5 exd5
31.Re1e6 Rc8c1
32.Kh2 Qf6xe6
33.fxe6 Rf8xf2
34.Rb2xf2 Rc1e1
35.Rf2f6 g5
36.Rf6xh6 d4
37.e7 Kf7
38.Rh6d6 Kxe7
39.Rd6xd4 b5
40.Rd4d5 Re1e3
41.Rd5xb5 Re3xa3
42.Rb5xg5 Kf6
43.Rg5a5 Ra3b3
44.b5 Ke6
45.h4 Kf6
46.g3 Kg6
47.Kh3 Rb3b4
48.Ra5xa7 Rb4xb5
49.Ra7a3 Rb5b6
50.g4 Rb6c6
51.h5 Kh6
52.Kh4 Rc6c4
53.Ra3a6 Kh7
54.Ra6f6 Kg7
55.Kg5 Rc4c5
56.Rf6f5 Rc5c7
57.h6 Kh7
58.Kh5 Rc7c1
59.Rf5f7 Kg8
60.Kg6 Rc1c6
61.Rf7f6 Rc6c8
62.g5 Kh8
63.h7 Rc8d8
64.Kh6 Rd8e8
65.g6 Re8g8
66.g7 Rg8xg7
67.Rf6f8 { resign }
1-0

[Event "Match"]
[Site "www.echecsemail.com"]
[Date "2019.02.04"]
[Round "1"]
[White "Llord"]
[Black "Darknight"]
[WhiteElo "1910"]
[BlackElo "1940"]
[Result "1-0"]
[Round "1"]
1.e4 e5
2.Ng1f3 d6
3.Bf1c4 h6
4.O-O Qd8e7
5.d3 a6
6.Nb1c3 c6
7.Bc1e3 Bc8g4
8.h3 Bg4e6
9.Bc4xe6 Qe7xe6
10.d4 Qe6e7
11.dxe5 dxe5
12.Qd1d2 Nb8d7
13.Ra1d1 Ng8f6
14.Nc3a4 b5
15.Na4c3 a5
16.a3 Rh8g8
17.Nf3h4 Nf6h7
18.Nh4f5 Qe7e6
19.Nc3e2 a4
20.f4 Ra8d8
21.Be3b6 Rd8b8
22.Bb6a5 g6
23.Nf5d4 exd4
24.Ne2xd4 Bf8c5
25.c3 Bc5xd4
26.Qd2xd4 Rb8b7
27.Ba5b4 f5
28.Rf1e1 Kd8
29.exf5 Qe6xf5
30.Bb4e7 Kc8
31.Be7b4 h5
32.Re1e7 Nh7f6
33.Re7f7 c5
34.Bb4xc5 Nd7xc5
35.Rf7xf6 Rb7d7
36.Rf6xf5 gxf5
37.Qd4xc5 Rd7c7
38.Qc5xf5 Kb8
39.Qf5xb5 Rc7b7
40.Qb5e5 Ka8
41.Qe5e4 Kb8
42.Qe4e5 Ka8
43.Qe5a5 Kb8
44.Qa5xa4 Rb7xb2
45.Qa4e4 Rg8xg2
46.Qe4xg2 Rb2xg2
47.Kxg2 h4
48.f5 { resign }
1-0

[Event "1/4 Finale"]
[Site "www.chess-mail.com"]
[Date "2019.02.04"]
[Round "1"]
[White "Conde7"]
[Black "Buchauer"]
[WhiteElo "2780"]
[BlackElo "2840"]
[Result "0-1"]
[Round "1"]
1.a3 c5
2.c4 Ng8f6
3.Ng1f3 Nb8c6
4.e3 g6
5.d4 cxd4
6.exd4 d5
7.h3 Bf8g7
8.Nb1c3 O-O
9.Bf1d3 b6
10.O-O Bc8e6
11.Rf1e1 dxc4
12.Re1xe6 fxe6
13.Bd3xc4 Qd8d6
14.Bc1e3 Nf6d5
15.Nc3e4 Qd6d7
16.Qd1d3 Nd5xe3
17.fxe3 Nc6d8
18.Ra1d1 Ra8c8
19.Bc4a6 Rc8b8
20.Ba6b5 Qd7b7
21.Bb5a6 Qb7c7
22.Rd1d2 Bg7h6
23.Nf3e5 b5
24.Ne5g4 Bh6g7
25.Ba6xb5 Qc7c1
26.Rd2d1 Qc1xb2
27.Bb5c4 Rf8f5
28.Kh1 Rf5a5
29.Ne4c5 Qb2xa3
30.Qd3e4 Ra5xc5
31.dxc5 Qa3xc5
32.Qe4f4 Rb8c8
33.Bc4a6 Rc8a8
34.Qf4e4 Ra8b8
35.Rd1d7 Qc5f5
36.Ba6d3 Qf5xe4
37.Bd3xe4 a5
38.Rd7xe7 Rb8b4
39.Be4xg6 hxg6
40.Re7e8 Kf7
41.Re8xd8 Ke7
42.Rd8a8 Bg7c3
43.Kg1 Kd7
44.Kf1 Kc7
45.Ke2 Kb7
46.Ra8f8 a4
47.Kd3 Bc3b2
48.Rf8f7 Kb6
49.Kc2 a3
50.Kb1 Bb2c1
51.Ka1 Rb4b2
52.Rf7f2 Kc5
53.Rf2f8 Kd6
54.Rf8d8 Ke7
55.Rd8c8 Bc1d2
56.Rc8c4 Bd2e1
57.Rc4a4 Be1b4
58.g3 Bb4c3
59.Ra4xa3 Bc3g7
60.e4 Bg7d4
61.e5 Rb2b7
62.Ka2 Rb7b2
63.Ka1 g5
64.Ng4f6 Bd4xe5
65.Nf6e4 Rb2e2
66.Kb1 Re2xe4
{ resign }
0-1

[Event "Fast Game"]
[Site "www.echecsemail.com"]
[Date "2019.02.04"]
[Round "1"]
[White "Add"]
[Black "Hennie4820"]
[WhiteElo "1870"]
[BlackElo "1700"]
[Result "1-0"]
[Round "1"]
1.Ng1f3 Ng8f6
2.e3 g6
3.Nb1c3 Bf8g7
4.e4 d6
5.d4 O-O
6.Bf1c4 Nb8d7
7.O-O e5
8.Bc1g5 Rf8e8
9.Qd1d2 exd4
10.Nf3xd4  { time }
1-0

[Event "Match"]
[Site "www.echecsemail.com"]
[Date "2019.02.05"]
[Round "1"]
[White "Coraza"]
[Black "Cal"]
[WhiteElo "1750"]
[BlackElo "1810"]
[Result "1-0"]
[Round "1"]
1.e4 e5
2.Ng1f3 d6
3.Bf1c4 h6
4.d4 exd4
5.Nf3xd4 Ng8f6
6.c3 c6
7.Qd1b3 d5
8.exd5 cxd5
9.Bc4b5 Bc8d7
10.O-O a6
11.Bb5xd7 Qd8xd7
12.Rf1e1 Bf8e7
13.Bc1f4 Nf6e4
14.Bf4xb8 Ra8xb8
15.c4 O-O
16.f3 Ne4c5
17.Qb3c2 b6
18.cxd5 Be7d6
19.Nd4c6 Rb8b7
20.Nb1d2 f5
21.b4 Bd6f4
22.bxc5 Qd7xd5
23.Nc6e7 Rb7xe7
24.Re1xe7 Bf4xd2
25.Ra1d1 Qd5d4
26.Kh1 Qd4f6
27.Qc2c4 Kh7
28.Re7e6 Qf6g5
29.cxb6 Rf8d8
30.b7 Rd8b8
31.Qc4c7 Bd2f4
32.Qc7b6 a5
33.Rd1d8 Rb8xd8
34.g3 Rd8d1
35.Kg2 h5
36.Kf2 Bf4d2
37.b8Q h4
38.f4 hxg3
39.hxg3 Bd2e1
40.Re6xe1 Rd1xe1
41.Kxe1 Qg5xg3
42.Qb6f2 Qg3c3
43.Qf2d2 Qc3a1
44.Ke2 Qa1g1
45.Qd2e1 Qg1g4
46.Ke3 Qg4h3
47.Kd2 Kh6
48.Qb8d6 g6
49.Qd6f8 Kh7
50.Qe1e7 { resign }
1-0

[Event "Match"]
[Site "www.echecsemail.com"]
[Date "2019.02.05"]
[Round "1"]
[White "Aiko1603"]
[Black "Crazybugouse"]
[WhiteElo "2170"]
[BlackElo "1809"]
[Result "1-0"]
[Round "1"]
1.c4 e5
2.Nb1c3 Ng8f6
3.g3 Bf8b4
4.Bf1g2 Bb4xc3
5.bxc3 Nb8c6
6.d3 O-O
7.Ng1f3  { time }
1-0

[Event "Tourn. n10065"]
[Site "www.echecsemail.com"]
[Date "2019.02.05"]
[Round "1"]
[White "Fantomas"]
[Black "Bojan"]
[WhiteElo "2170"]
[BlackElo "2000"]
[Result "1-0"]
[Round "1"]
1.e4 e5
2.Ng1f3 Nb8c6
3.Bf1b5 Nc6d4
4.Nf3xd4 exd4
5.c3 c6
6.Bb5c4 Bf8c5
7.d3 Qd8f6
8.Qd1e2 h6
9.Bc1d2 Qf6g6
10.a4 Ng8f6
11.g3 Nf6h7
12.f4 d6
13.b4 Bc5b6
14.a5 dxc3
15.Bd2xc3 Bb6c7
16.Kf2 Bc8g4
17.Qe2e3 O-O
18.h3 Bg4d7
19.Nb1d2 b5
20.Bc4b3 Rf8e8
21.Qe3d4 Nh7f8
22.Nd2f3 Nf8e6
23.Qd4e3 Ne6d8
24.Nf3h4 Qg6h5
25.Bb3d1 Qh5xd1
26.Ra1xd1 Nd8b7
27.Qe3f3 Ra8b8
28.f5 f6
29.Qf3h5 Re8e7
30.Nh4g2 Bd7e8
31.Qh5h4 Re7f7
32.Ng2e3 Kh7
33.Kg2 a6
34.g4 Bc7d8
35.Qh4e1 Rf7d7
36.h4 Be8f7
37.Qe1g3 Bd8c7
38.Qg3f3 Rb8e8
39.g5 Kh8
40.gxf6 gxf6
41.Bc3xf6 Kh7
42.Kh3 Re8f8
43.Bf6c3 Bf7b3
44.f6 Rd7f7
45.Qf3f5 Kh8
46.Qf5g6 Bb3e6
47.Ne3f5 Rf7h7
48.f7 { resign }
1-0